000 00565nam a2200145 4500
008 151123b xxu||||| |||| 00| 0 eng d
020 _a0973571209
050 _aLT 5000.E388S2 2004
100 _aSander, Lionel.
_d2004
245 _aScience Foundations 10/
_c Lionel Sandner
260 _a Victoria, B.C. :
_bEdvantage Press,
_c2006, ©2004.
300 _a xii, 290 pages : illustrations, maps ; 28 cm
_bIncludes index.
_c
650 _aScience
_2Study and teaching (Secondary)
_vActivity programs.
942 _2lcc
_cBOOKS
_hLT 5000.E388S2 2004
999 _c9984
_d9984